[Event "AUTO-OPEN-979"]
[Site "http://www.queenalice.com/game.php?id=340307"]
[Date "2008.1.22"]
[Round "1"]
[White "leokrs"]
[Black "duck"]
[Result "0-1"]
[WhiteElo "1221"]
[BlackElo "2058"]

1. e4 c5 2. d4 cxd4 3. Qxd4 Nc6 4. Qd1 e5 5. Bc4 Nf6 6. Bb3 Nxe4 7. Qe2 d5 8. c4
Nd4 9. Qh5 Qf6 10. Ba4+ Bd7 11. Bc2 Qxf2+ 12. Kd1 Qf1# 0-1

[Event "AUTO-OPEN-979"]
[Site "http://www.queenalice.com/game.php?id=340334"]
[Date "2008.1.22"]
[Round "1"]
[White "leokrs"]
[Black "DCC15"]
[Result "1-0"]
[WhiteElo "1167"]
[BlackElo "1100"]

1. d4 Nf6 2. Nc3 h5 3. e4 e6 4. e5 Ng4 5. Qf3 Nc6 6. h3 Nxd4 7. Qf4 Nxc2+ 8. Kd1
Nxa1 9. hxg4 hxg4 10. Rxh8 Qe7 11. Qxg4 Qc5 12. Qh4 g5 13. Qxg5 d5 14. Qg8 b6
15. Rh7 Ke7 16. Qxf7+ Kd8 17. Qf6+ Ke8 18. Na4 Qd4+ 19. Ke1 Qxa4 20. Qf7+ Kd8
21. Bg5+ Be7 22. Qxe7# 1-0

[Event "AUTO-OPEN-979"]
[Site "http://www.queenalice.com/game.php?id=340335"]
[Date "2008.1.22"]
[Round "1"]
[White "DCC15"]
[Black "leokrs"]
[Result "0-1"]
[WhiteElo "1052"]
[BlackElo "1208"]

1. Nf3 d5 2. Nc3 Nf6 3. b4 Nc6 4. a3 d4 5. Nb1 e5 6. Ra2 a5 7. e4 axb4 8. axb4
Rxa2 9. Ba3 Ra1 10. Be2 Nxe4 11. Bb5 Qd5 12. O-O Qxb5 13. Re1 Qd5 14. Qc1 b6 15.
Qb2 Ra2 16. Qc1 Be7 17. Nh4 Bxh4 18. g3 Bg5 19. h4 Bh6 20. g4 Bxg4 21. f3 Bxf3
22. Rf1 Ng3 23. Rf2 Ne2+ 24. Rxe2 Bxe2 25. Kf2 Qe4 26. b5 Na5 27. Bb4 Nc4 28. d3
Qxh4+ 29. Kxe2 Bxc1 30. Kd1 Qh1+ 31. Ke2 Rxc2+ 32. Bd2 Nxd2 33. Kf2 Qh3 34. Ke1
Nxb1 35. Kd1 Qg2 36. Ke1 Qg1# 0-1

[Event "AUTO-OPEN-979"]
[Site "http://www.queenalice.com/game.php?id=340336"]
[Date "2008.1.22"]
[Round "1"]
[White "leokrs"]
[Black "ChessAddict"]
[Result "0-1"]
[WhiteElo "1233"]
[BlackElo "1500"]

1. d4 Nf6 2. Nc3 d5 3. e4 dxe4 4. Bf4 Bf5 5. Qe2 c6 6. Qd2 e6 7. Na4 Be7 8. Nc5
Bxc5 9. b4 Qxd4 10. Qc1 Qxf2+ 11. Kd1 Qxf1+ 12. Kd2 Qxf4+ 13. Kd1 Bg4+ 14. Ne2
Bxe2+ 15. Kxe2 Qf2+ 16. Kd1 Be3 17. Re1 Bxc1 18. Rxc1 Nd5 19. Re2 Nc3+ 20. Kd2
Nxe2 21. Re1 Nd4+ 22. Kd1 Qxc2# 0-1

[Event "Jogo dos novos 1"]
[Site "http://www.queenalice.com/game.php?id=345177"]
[Date "2008.1.29"]
[Round "-"]
[White "leokrs"]
[Black "rocrico"]
[Result "0-1"]
[WhiteElo "1231"]
[BlackElo "1267"]

1. e4 Nc6 2. Nf3 e5 3. d4 d6 4. Nh4 Nf6 5. Nc3 exd4 6. Na4 Bg4 7. f3 Be6 8. Bb5
a6 9. Bxc6+ bxc6 10. Qxd4 c5 11. Qd3 c4 12. Qd4 c5 13. Qe3 Qa5+ 14. Bd2 Qxa4 15.
b3 Qb5 16. a4 Qb6 17. e5 Nh5 18. g4 cxb3 19. a5 Qb7 20. gxh5 b2 21. Rb1 Be7 22.
Ng2 d5 23. Bc3 d4 24. Qe4 Qb8 25. Bxb2 Qb4+ 26. c3 Rb8 27. Qc6+ Bd7 28. Qxa6
dxc3 29. Qa7 cxb2+ 30. Ke2 f6 31. Qc7 Rb7 32. Rxb2 Qxb2+ 33. Kf1 Rxc7 34. Nf4
Bb5+ 35. Ke1 Qb4+ 36. Kf2 Qb2+ 37. Kg3 fxe5 38. Ne6 Rd7 39. Nxg7+ Kf8 40. h6
Bh4+ 41. Kxh4 Rxg7 42. Rg1 Qxh2# 0-1

[Event "Jogos dos novos 1.1"]
[Site "http://www.queenalice.com/game.php?id=357262"]
[Date "2008.2.19"]
[Round "-"]
[White "rocrico"]
[Black "leokrs"]
[Result "1-0"]
[WhiteElo "1308"]
[BlackElo "1159"]

1. e3 e5 2. d3 d5 3. Nf3 Nc6 4. Nc3 Nf6 5. e4 d4 6. Na4 b5 7. Nc3 a5 8. Nxb5 Qd7
9. Nbxd4 exd4 10. Ng5 Qd6 11. Nxf7 Kxf7 12. Bd2 Qc5 13. Bf4 Bg4 14. f3 Bh5 15.
g4 Bg6 16. g5 Nh5 17. Bxc7 Bxe4 18. fxe4 h6 19. Qxh5+ 1-0

[Event "AUTO-OPEN-1022"]
[Site "http://www.queenalice.com/game.php?id=357387"]
[Date "2008.2.20"]
[Round "1"]
[White "serginh0w"]
[Black "leokrs"]
[Result "1-0"]
[WhiteElo "1873"]
[BlackElo "1180"]

1. e4 e5 2. Nf3 d6 3. d4 Nc6 4. d5 a5 5. dxc6 bxc6 6. Nc3 Ba6 7. Bxa6 Rxa6 8.
O-O d5 9. exd5 e4 10. Nxe4 cxd5 11. Nc3 Rd6 12. Bf4 Rg6 13. Re1+ Ne7 14. Nxd5
Re6 15. Nxc7+ Qxc7 16. Bxc7 Ng6 17. Qd8# 1-0

[Event "AUTO-OPEN-1022"]
[Site "http://www.queenalice.com/game.php?id=357388"]
[Date "2008.2.20"]
[Round "1"]
[White "leokrs"]
[Black "serginh0w"]
[Result "0-1"]
[WhiteElo "1145"]
[BlackElo "1898"]

1. e4 c5 2. d4 cxd4 3. Qxd4 Nc6 4. Qd1 Nf6 5. Nc3 e6 6. a4 Bb4 7. Bd2 Bxc3 8.
bxc3 Nxe4 9. Bf4 Nxc3 10. Qd2 Qf6 11. Bb5 Nxb5 12. Bg5 Qxa1+ 13. Ke2 Nbd4+ 14.
Kd3 Ne5+ 15. Ke4 d5+ 16. Kxe5 Nf3+ 17. Kf4 Nxd2 18. Kg4 e5+ 19. Kg3 Ne4+ 0-1

[Event "AUTO-OPEN-1022"]
[Site "http://www.queenalice.com/game.php?id=357412"]
[Date "2008.2.20"]
[Round "1"]
[White "gedanix"]
[Black "leokrs"]
[Result "1-0"]
[WhiteElo "1851"]
[BlackElo "1180"]

1. d4 d5 2. c4 e5 3. dxe5 dxc4 4. Qxd8+ Kxd8 5. e4 f6 6. Bxc4 a6 7. e6 Ne7 8. f4
b5 9. Bb3 g5 10. f5 h5 11. a3 Bb7 12. Nc3 Nec6 13. Be3 Na5 14. O-O-O+ Bd6 15.
Ba2 c5 16. Bxc5 Ke7 17. Bxd6+ Ke8 18. Nd5 Ra7 19. Nc7+ Kd8 20. e7+ Kd7 21. Be6+
Kc6 22. e8=Q+ Rxe8 23. Nxe8 Nb3+ 24. Bxb3 Kd7 25. Nxf6+ Kc8 26. Be6+ Nd7 27.
Nxd7 Bxe4 28. Nc5+ Kd8 29. Bb8+ Ke7 30. Bxa7 a5 31. Nxe4 g4 32. Rd7+ Kf8 33.
Bc5+ Ke8 34. Nf6# 1-0

[Event "AUTO-OPEN-1022"]
[Site "http://www.queenalice.com/game.php?id=357413"]
[Date "2008.2.20"]
[Round "1"]
[White "leokrs"]
[Black "Luzhin"]
[Result "0-1"]
[WhiteElo "1180"]
[BlackElo "1100"]

1. e4 e6 2. d4 d5 3. e5 Bb4+ 4. c3 Bf8 5. Qa4+ c6 6. Bb5 cxb5 7. Qxb5+ Nc6 8. c4
dxc4 9. Qxc4 Qxd4 10. Nd2 Qxe5+ 11. Kd1 g6 12. Ndf3 Qd5+ 13. Nd2 Qxg2 14. Qf1
Qxh1 15. b3 Qxh2 16. Ngf3 Qf4 17. Qh3 e5 18. Qg2 Bg4 19. Ke2 Nd4+ 20. Kd3 Bf5+
21. Kc3 Nb5+ 22. Kb2 Ba3# 0-1

[Event "AUTO-OPEN-1022"]
[Site "http://www.queenalice.com/game.php?id=357414"]
[Date "2008.2.20"]
[Round "1"]
[White "Luzhin"]
[Black "leokrs"]
[Result "1-0"]
[WhiteElo "1169"]
[BlackElo "1145"]

1. e4 d5 2. Bb5+ c6 3. Bd3 e5 4. exd5 cxd5 5. Qh5 Nf6 6. Qxe5+ Be7 7. h4 Nc6 8.
Bb5 Ng4 9. Bxc6+ bxc6 10. Qxg7 Rf8 11. h5 Bf6 12. Qxh7 Qb6 13. Qd3 Nxf2 14. Qe2+
Ne4 15. c3 Ba6 16. d3 Bxd3 17. Qxd3 Nc5 18. Qf3 Ne4 19. Nd2 Ng5 20. Qxf6 Nh7 21.
Qg7 Qe3+ 22. Ne2 Rd8 23. Qxh7 Rd7 24. Nb3 1-0

[Event "AUTO-INT-801"]
[Site "http://www.queenalice.com/game.php?id=357441"]
[Date "2008.2.20"]
[Round "1"]
[White "jupar"]
[Black "leokrs"]
[Result "1-0"]
[WhiteElo "1707"]
[BlackElo "1180"]

1. e4 e5 2. Nf3 d5 3. exd5 e4 4. Qe2 Qxd5 5. Nc3 Qc5 6. Qxe4+ Be7 7. d4 Qd6 8.
Bf4 Qb6 9. O-O-O Bg4 10. Re1 Nf6 11. Qxe7# 1-0

[Event "AUTO-INT-801"]
[Site "http://www.queenalice.com/game.php?id=357442"]
[Date "2008.2.20"]
[Round "1"]
[White "leokrs"]
[Black "jupar"]
[Result "0-1"]
[WhiteElo "1149"]
[BlackElo "1750"]

1. e4 e5 2. Nf3 Nc6 3. Nc3 Nf6 4. h4 Be7 5. a4 a6 6. a5 O-O 7. h5 h6 8. b3 d5 9.
Bd3 Bg4 10. exd5 Nxd5 11. Rh4 Bxh4 12. Ba3 Re8 13. Qb1 Bxf3 14. gxf3 Nxc3 15.
dxc3 e4 16. fxe4 Ne5 17. Qd1 Qf6 18. Bc4 Qxf2# 0-1

[Event "AUTO-INT-801"]
[Site "http://www.queenalice.com/game.php?id=357467"]
[Date "2008.2.20"]
[Round "1"]
[White "joeking"]
[Black "leokrs"]
[Result "1-0"]
[WhiteElo "1737"]
[BlackElo "1127"]

1. e4 e5 2. Nf3 Nc6 3. d4 d5 4. exd5 Qxd5 5. Nc3 Qe4+ 6. Nxe4 Bf5 7. Neg5 Bxc2
8. Qxc2 Bb4+ 9. Bd2 exd4 10. Bb5 Rd8 11. Bxc6+ bxc6 12. Qxc6+ Ke7 13. Bxb4+ Rd6
14. Qxc7+ 1-0

[Event "AUTO-INT-801"]
[Site "http://www.queenalice.com/game.php?id=357468"]
[Date "2008.2.20"]
[Round "1"]
[White "leokrs"]
[Black "joeking"]
[Result "0-1"]
[WhiteElo "1125"]
[BlackElo "1739"]

1. e4 e5 2. d4 exd4 3. Qxd4 Nc6 4. Qc3 Qf6 5. Nf3 Bb4 6. Bg5 Bxc3+ 7. bxc3 Qe6
8. Nbd2 d5 9. Bb5 Bd7 10. Bf4 Nf6 11. Bxc7 O-O 12. c4 Nxe4 13. Nf1 Ng5+ 14. Ne3
Nxf3+ 0-1

[Event "AUTO-BEG-187"]
[Site "http://www.queenalice.com/game.php?id=359090"]
[Date "2008.2.22"]
[Round "1"]
[White "leokrs"]
[Black "EduardoAlmeida"]
[Result "0-1"]
[WhiteElo "1143"]
[BlackElo "1152"]

1. e4 e5 2. d4 exd4 3. Qxd4 Qf6 4. c3 Nc6 5. e5 Nxd4 6. exf6 Nc2+ 7. Kd2 Nxa1 8.
Bc4 Nxf6 9. Ke1 Be7 10. Nd2 d5 11. Bb5+ c6 12. Bxc6+ bxc6 13. Nb3 Nxb3 14. axb3
Bc5 15. f3 O-O 16. Nh3 Ba6 17. Nf4 Rab8 18. b4 Rfe8+ 19. Kd2 Be3+ 20. Kc2 Bb5
0-1

[Event "AUTO-BEG-187"]
[Site "http://www.queenalice.com/game.php?id=359103"]
[Date "2008.2.22"]
[Round "1"]
[White "LuizFernandes"]
[Black "leokrs"]
[Result "1-0"]
[WhiteElo "1509"]
[BlackElo "1208"]

1. Nf3 d5 2. d4 Nc6 3. e3 f6 4. c4 dxc4 5. Bxc4 Bf5 6. Nc3 e6 7. e4 Bg6 8. Bxe6
Nge7 9. d5 Ne5 10. Nxe5 fxe5 11. O-O c6 12. Bg5 h6 13. Bh4 cxd5 14. exd5 Bf7 15.
Qf3 Nxd5 16. Qxf7# 1-0

[Event "AUTO-BEG-187"]
[Site "http://www.queenalice.com/game.php?id=359104"]
[Date "2008.2.22"]
[Round "1"]
[White "leokrs"]
[Black "LuizFernandes"]
[Result "0-1"]
[WhiteElo "1180"]
[BlackElo "1651"]

1. Nc3 e5 2. Nf3 Nc6 3. d4 exd4 4. Ne4 Nf6 5. Nxf6+ Qxf6 6. c3 dxc3 7. Qc2 Bb4
8. Bg5 cxb2+ 9. Kd1 Qd6+ 10. Bd2 bxa1=Q+ 11. Qc1 Qxc1+ 12. Kxc1 Bxd2+ 13. Nxd2
Qc5+ 14. Kd1 Qxf2 15. Ne4 Qd4+ 16. Nd2 Nb4 17. e3 Qxe3 18. Nf3 O-O 19. a3 Na2
20. Bc4 Qc1+ 21. Ke2 Qxc4+ 22. Kf2 Qc2+ 23. Kg3 d5 24. Nh4 Re8 25. Rf1 Re3+ 26.
Kf4 Qe4+ 27. Kg5 Qg4# 0-1

[Event "AUTO-BEG-187"]
[Site "http://www.queenalice.com/game.php?id=359111"]
[Date "2008.2.22"]
[Round "1"]
[White "I_might_be_a_duck"]
[Black "leokrs"]
[Result "1-0"]
[WhiteElo "1371"]
[BlackElo "1127"]

1. e4 Nf6 2. Nc3 Nc6 3. Nf3 e5 4. Bc4 Bc5 5. O-O d5 6. Nxd5 Na5 7. Bd3 c6 8. b4
Bxb4 9. Nxb4 Bg4 10. Bb2 Qb6 11. a3 c5 12. Bxe5 cxb4 13. axb4 Qxb4 14. Bc3 Qb6
15. Bxa5 Qc5 16. Bc3 Rd8 17. Bxf6 gxf6 18. Qb1 f5 19. Bb5+ Ke7 20. exf5 Bxf5 21.
Bd3 Bxd3 22. cxd3 Qf5 23. Rxa7 Rxd3 24. Rxb7+ Kf6 25. Qb2+ 1-0

[Event "AUTO-BEG-187"]
[Site "http://www.queenalice.com/game.php?id=359112"]
[Date "2008.2.22"]
[Round "1"]
[White "leokrs"]
[Black "I_might_be_a_duck"]
[Result "0-1"]
[WhiteElo "1127"]
[BlackElo "1379"]

1. Nf3 d6 2. Nc3 e5 3. e4 Nf6 4. d4 Nbd7 5. dxe5 dxe5 6. a4 Bb4 7. Bd2 O-O 8.
Na2 Bc5 9. b4 Bd6 10. Nh4 Nxe4 11. f3 Nxd2 12. Qxd2 Qxh4+ 13. g3 Qf6 14. f4 exf4
15. g4 Qxa1+ 16. Nc1 Re8+ 17. Be2 f3 18. Kf2 fxe2 19. Re1 Qf6+ 20. Kg2 Ne5 21.
g5 Qf3+ 22. Kg1 Ng4 23. Rxe2 Be6 24. g6 hxg6 25. Qg5 Bd5 0-1